Datum a čas kvízu
35.5
Celkem bodů
Celkový počet nahraných bodů na tomto kvízu bez doplňovacích otázek.
8.
Pořadí na kvízu
Konečné umístění týmu na tomto kvízu.
Zaznamenané odpovědi
| # | Otázka | Odpověď | Body | Výsledky |
|---|---|---|---|---|
| 1. | Odvolací Městský soud v Praze... | Pavel Novotný, Kateřina Kristelová | 1 | |
| 2. | Prezident jisté asijské země,... | v Jižní Koreji | 1 | |
| 3. | V sobotu proběhlo vyhlášení fi... | Oldřich Kaiser, Zahradníkův rok | 1 | |
| 4. | V letošním ročníku soutěže Vis... | Kytary.cz | 1 | |
| 5. | Minulý týden skončila základní... | 1D 2C 3A 4B | 1 | |
| 6. | V roce 1978 zakoupila jistá me... | Greenpeace | 1 | |
| 7. | Na fotce je německá bitevní lo... | Bismarck | 0 | |
| 8. | Loď Beagle na své druhé plavbě... | Charles Darwin | 1 | |
| 9. | Válečná loď Vasa ujela celkem... | ve Stockholmu | 1 | |
| 10. | Která z těchto slavných lodí b... | C | 0 |